000 01012njm a2200289Ia 4500
001 B9658
003 IT-RoPAU
005 20220918181137.0
008 131025s9999 xx 000 0 und d
040 _aIT-RoPAU
040 _cIT-RoPAU
999 _c100986
_d100986
999 _bn.d.
100 _aSpringsteen Bruce
_914269
100 _eAutore musica
_929511
100 _gCodice autore musica SPICS: 11477
_914271
245 _aWild, the Innocent & the E Street Shuffle (The)
250 _a1a ed.
260 _aHOLLAND
260 _bCBS
_c1973 [1a Ed.:1973 - Ed. Lingua Orig.: 1973]
300 _aDISCO
300 _c47 minuti (Testo: 0 pag.)
500 _aMusica pop.
505 _aThe E Street Shuffle - 4Th of July, Asbury Park - Kitty's Back - Wild Billy's Circus Story - Incident On 57Th Street - Rosalita (Come Out Tonight) - New York City Serenade
650 _aPOP [DISCHI]
_eCodice MATERIA SPICS: 9950
_91001
700 _aSpringsteen Bruce
_gCodice interprete SPICS: 11477
_eInterprete
_929512
942 _cMD
_2ddc